000 00426nam a2200181Ia 4500
001 12854
005 20260306163011.0
008 260306t2012||||xx |||||||||||||| ||spa||
041 _aESP
082 _aRD 370.03
_bA59
100 _aAnder-Egg, Ezequiel
_eAUT
245 0 _aDiccionario de educación
260 _c2012
300 _a266 páginas :
_c23 cm.
650 _aGEN
654 _aCED
942 _cDIC
_dJUS
_fJUS
_2ddc
_n
999 _c12854
_d12854